Sermón panegyrico predicado en la Iglesia parroquial de Zacatecas con ocasión de haberse dedicado un nuevo altar...

Detalles Bibliográficos
Formato: Libro
Publicado: México 1762
Materias:
Colección:Banco de datos
Acervo:Biblioteca del Ex Convento de Nuestra Señora de Guadalupe. Zacatecas
Tema general:Homilética
Notas:Buena. XXXII, 3, 9 (8734).
LEADER 00716nam a22001810004500
035 |a 49495 
036 |a 10679 
245 1 0 |a Sermón panegyrico predicado en la Iglesia parroquial de Zacatecas con ocasión de haberse dedicado un nuevo altar... 
260 |a México  |b imp. Herederos de María de Rivera  |c 1762 
500 |a Buena. XXXII, 3, 9 (8734). 
650 1 0 |a Homilética 
949 |a CRZ-CG 
959 |a Ex convento de Nuestra Señora de Guadalupe, Museo Regional de Zacatecas, Zacatecas  |b CCC4 
960 |a Convento de Nuestra Señora de Guadalupe, Zacatecas  |b DD87 
961 |a Franciscana  |b OF 
942 |c CRZ-CG 
943 |g Biblioteca del Ex Convento de Nuestra Señora de Guadalupe. Zacatecas 
999 |c 973622  |d 973622